000 01360nam a2200337 c 4500
999 _c121584
_d121584
003 BLK
005 20181122142804.0
008 180409b bul|||||r ||||||| ||bul||
010 _aKNG00127209000
040 _aBLK
041 _aBUL
_cBUL
080 _aГеография на Европа
_b913(4)
_x(282.243.7)
_z913(4)(282.243.7)
080 _aБългарска литература
_b821.163.2
_x-992
_z821.163.2-992
100 1 _aАнтов, Ясен Петков
_eпърви автор
_9270852
139 _aАнтов, Ясен Петков
_bА 75
245 1 0 _aС лодка по Дунава
_bВпечатления от традиционния междунар. поход по Дунава
_cЯсен Петков Антов.
257 _aBGR
260 _bМедицина и физкултура
_c1972
300 _a112 с.
_bс ил., 1 л. к.
_c18 см
380 _a91
490 1 _aМалка туристическа библиотека
650 4 _aРеки
_9169163
651 4 _aДунав
_9178849
653 _aпътеписи
653 _aреки
852 _aЦб І 12746
856 4 _qpdf
856 4 _qpdf
942 _cKNG
_n0
944 _aCR
_c09.02.2012
_l09.02.2012 - от С1,Р / 09.02.2012
_kГеновева_Генчева
944 _aED
_c21.09.2017
_l09.02.2012 - от С1,Р / 09.02.2012
_kНаталия_Любомирова
999 _d121584